000
00315nam a2200145Ia 4500
100
_a
Michiels/J.L
942
_c
RB
654
_a
Atomic Energy
245
_a
Finding Out About Atomic Energy
260
_b
Thrift Books
_a
London
_c
1951
082
_a
539.7
_b
Mic
300
_a
128
546
_a
ENGLISH
999
_c
33454
_d
33454